Statistics for Guess The Dog Breed - Picture Quiz

Click here to take the quiz!

General Stats

  • This quiz has been taken 77 times
  • The average score is 16 of 25

Answer Stats

Answer% Correct
Dalmatian
95%
Pug
95%
Siberian Husky
94%
Golden Retriever
89%
Bulldog
88%
Dachshund
83%
Beagle
81%
Pomeranian
80%
Rottweiler
80%
Boxer
78%
Greyhound
75%
French Bulldog
73%
Chow Chow
70%
Border Collie
69%
Basset Hound
66%
Bull Terrier
64%
Shih Tzu
64%
Yorkshire Terrier
61%
Irish Wolfhound
48%
Dobermann
38%
Labradoodle
38%
English Cocker Spaniel
31%
Border Terrier
25%
English Mastiff
25%
Papillion
22%

Score Distribution

Percentile by Number Answered

Percent of People with Each Score

Your Score History

You have not taken this quiz